| 000 | 00850cam a2200277 4500 | ||
|---|---|---|---|
| 001 | J105944 | ||
| 008 | 000000n1997 000 0 eng u | ||
| 020 | _a0902167480 | ||
| 035 | _a(Sirsi) u105944 | ||
| 041 | _aENG | ||
| 050 | _a624.15 | ||
| 100 | _aClayton, K. | ||
| 110 |
_aLoss Prevention Council _91863 |
||
| 245 | _aGeology and building subsidence. | ||
| 260 |
_aLoss Prevention Council _c1997 |
||
| 300 | _a33p. ; 30cm. | ||
| 350 | _a15.00 | ||
| 490 |
_aLPR _v7 |
||
| 520 | _aLinks foundation failures to the nature of foundation soils and their underlying geology. Includes guidance on sources of geological data. | ||
| 650 | _aSUBSIDENCE | ||
| 650 | _aGEOLOGY | ||
| 650 | _aBUILT ENVIRONMENT-BUILDING ELEMENTS-COMPLETE BUILDING ELEMENTS-FOUNDATIONS | ||
| 650 | _aLANDSLIPS | ||
| 690 | _aBUILT ENVIRONMENT | ||
| 942 | _n0 | ||
| 999 |
_c100508 _d100508 |
||